| 000 | 00584cam a2200217 4500 | ||
|---|---|---|---|
| 001 | 2198614 | ||
| 005 | 20180207032347.0 | ||
| 008 | 710721s1971 paua b 001 0 eng | ||
| 010 | _a 73135331 | ||
| 040 |
_aDLC _cDLC _dDLC |
||
| 041 | _aeng | ||
| 080 | _a616.15 | ||
| 082 | 0 | 0 | _a616.15 LEA |
| 100 | 1 | _a9 | |
| 101 | _aHEM | ||
| 245 | 1 | 0 |
_aFundamentals of clinical hematology _c[by] Byrd S. Leavell [and] Oscar A. Thorup, Jr. |
| 504 | _aIncludes bibliographies. | ||
| 740 | _aClinical hematology. | ||
| 906 |
_a7 _bcbc _corignew _d2 _encip _f19 _gy-gencatlg |
||
| 942 |
_2ddc _cBK |
||
| 999 |
_c41963 _d41963 |
||